[Event "CAN op"]
[Site "Hamilton CAN"]
[Date "2022.07.16"]
[Round "8.32"]
[White "Leong, Ryan"]
[Black "Buscar, Michael"]
[Result "1-0"]
[WhiteElo "1853"]
[BlackElo "2223"]
[PlyCount "97"]
[EventDate "2022.07.12"]
[EventType "swiss"]
[EventRounds "9"]
[EventCountry "CAN"]

1. Nf3 d5 2. g3 Nf6 3. Bg2 e6 4. c4 Be7 5. O-O O-O 6. b3 c6 7. Bb2 Nbd7 8. d4
Ne4 9. e3 f5 10. Nbd2 Ndf6 11. Ne5 a5 12. c5 Bd7 13. f3 Ng5 14. Qc2 Be8 15. a3
Nf7 16. Nd3 Qc7 17. b4 g5 18. Bc3 axb4 19. axb4 Bd7 20. Ra2 g4 21. f4 h5 22.
Rfa1 Rxa2 23. Qxa2 Rb8 24. Qa7 Ne8 25. Ne5 Nxe5 26. dxe5 Qc8 27. Bf1 Nc7 28.
Qa2 Kf7 29. Kf2 h4 30. Nb3 Ra8 31. Qb2 Qb8 32. Bd4 Nb5 33. Bxb5 cxb5 34. Rxa8
Qxa8 35. Qa1 Qa4 36. Qxa4 bxa4 37. Na5 Bc6 38. Ke2 Ke8 39. Nxc6 bxc6 40. Kd2
Kd7 41. Kc3 h3 42. e4 fxe4 43. Bf2 Ke8 44. Kb2 Kd7 45. Ka3 Bh4 46. gxh4 d4 47.
Kxa4 e3 48. Bg3 d3 49. Kb3 1-0

[Event "CAN op"]
[Site "Hamilton CAN"]
[Date "2022.07.16"]
[Round "8.33"]
[White "Dorn, Paris"]
[Black "Supsup, Ferdinand"]
[Result "1-0"]
[WhiteElo "2175"]
[BlackElo "1810"]
[PlyCount "107"]
[EventDate "2022.07.12"]
[EventType "swiss"]
[EventRounds "9"]
[EventCountry "CAN"]

1. d4 Nf6 2. c4 c5 3. d5 b5 4. cxb5 a6 5. e3 e6 6. dxe6 fxe6 7. Nc3 d5 8. Nf3
Bd6 9. a4 Bb7 10. Be2 O-O 11. O-O Kh8 12. e4 Nxe4 13. Nxe4 dxe4 14. Ng5 Bd5 15.
Qc2 Nd7 16. g3 axb5 17. Nxe4 Be7 18. Bxb5 Ne5 19. f4 Ng4 20. Be2 Nf6 21. Nc3
Bb7 22. Be3 Rc8 23. Rad1 Qb6 24. h3 Nd5 25. Nxd5 exd5 26. Bf3 Rfd8 27. Bf2 Qb4
28. Be1 Qb6 29. Bf2 Bf6 30. b4 Qxb4 31. Rb1 Qa3 32. Rxb7 Qxf3 33. a5 Bd4 34.
Bxd4 Qxg3+ 35. Qg2 Qxg2+ 36. Kxg2 cxd4 37. a6 d3 38. a7 h6 39. Rd1 Kh7 40. Rxd3
d4 41. Kf3 Kg6 42. Ke4 Re8+ 43. Kxd4 Red8+ 44. Ke3 Rxd3+ 45. Kxd3 Ra8 46. Ke4
Kf6 47. Rb6+ Kf7 48. Ra6 Ke8 49. h4 Kf8 50. Kf5 Kf7 51. h5 Ke7 52. Kg6 Kf8 53.
f5 Kg8 54. Rb6 1-0

[Event "CAN op"]
[Site "Hamilton CAN"]
[Date "2022.07.16"]
[Round "8.34"]
[White "Ajith, Aayush"]
[Black "Jiang, Hancy"]
[Result "1/2-1/2"]
[WhiteElo "2122"]
[BlackElo "1855"]
[PlyCount "89"]
[EventDate "2022.07.12"]
[EventType "swiss"]
[EventRounds "9"]
[EventCountry "CAN"]

1. d4 Nf6 2. c4 g6 3. Nc3 Bg7 4. e4 d6 5. Nf3 Nbd7 6. Be2 O-O 7. O-O e5 8. d5
Ne8 9. b4 f5 10. Nd2 f4 11. Bg4 h5 12. Be6+ Kh8 13. a4 Bh6 14. Ba3 Ng7 15. Bh3
g5 16. f3 Rg8 17. c5 Ne8 18. Be6 Rg7 19. Nc4 Ndf6 20. b5 g4 21. b6 axb6 22.
cxd6 cxd6 23. Rb1 Nh7 24. Nxb6 Bxe6 25. dxe6 Ra6 26. Nc4 Qc8 27. Qb3 Rc6 28.
Nb6 Rxb6 29. Qxb6 Qxc3 30. Rb3 Qc2 31. Rb2 Qxa4 32. Bxd6 Nxd6 33. Qxd6 Qd4+ 34.
Qxd4 exd4 35. Rd2 gxf3 36. Rxd4 Ng5 37. Rd2 Nxe4 38. Rd8+ Kh7 39. Rxf3 Ng5 40.
Rb3 Nxe6 41. Rd5 Rg5 42. Rxg5 Bxg5 43. Rxb7+ Kg6 44. Rb5 Bf6 45. Kf1 1/2-1/2

[Event "CAN op"]
[Site "Hamilton CAN"]
[Date "2022.07.16"]
[Round "8.35"]
[White "Wang, Rachel"]
[Black "Xu, Eddie"]
[Result "0-1"]
[WhiteElo "1850"]
[BlackElo "2088"]
[PlyCount "102"]
[EventDate "2022.07.12"]
[EventType "swiss"]
[EventRounds "9"]
[EventCountry "CAN"]

1. d4 d5 2. c4 e6 3. Nf3 Be7 4. Nc3 Nf6 5. Bg5 h6 6. Bh4 O-O 7. e3 b6 8. Rc1
Bb7 9. cxd5 Nxd5 10. Bxe7 Qxe7 11. Be2 Rc8 12. O-O Nxc3 13. Rxc3 Nd7 14. a4 c5
15. Bb5 Nf6 16. Qe2 Bxf3 17. Qxf3 cxd4 18. exd4 Nd5 19. Rc6 Rxc6 20. Bxc6 Rd8
21. Bxd5 Rxd5 22. Rd1 Qb4 23. b3 Rxd4 24. Rxd4 Qxd4 25. Qa8+ Kh7 26. g3 Qd1+
27. Kg2 Qd5+ 28. Qxd5 exd5 29. f4 Kg6 30. Kf3 Kf6 31. Ke3 Ke6 32. Kd4 a5 33.
Kc3 Kd6 34. b4 axb4+ 35. Kxb4 Kc6 36. h3 g6 37. g4 g5 38. f5 f6 39. Kb3 Kc5 40.
Kc3 d4+ 41. Kd3 Kd5 42. Kd2 Ke4 43. Ke2 d3+ 44. Kd2 Kd4 45. Kd1 Ke3 46. Ke1 d2+
47. Kd1 Kd3 48. h4 gxh4 49. g5 h3 50. gxf6 h2 51. f7 h1=R# 0-1

[Event "CAN op"]
[Site "Hamilton CAN"]
[Date "2022.07.16"]
[Round "8.36"]
[White "Lu, Tony"]
[Black "Loadman, Ian"]
[Result "0-1"]
[WhiteElo "1773"]
[BlackElo "2086"]
[PlyCount "76"]
[EventDate "2022.07.12"]
[EventType "swiss"]
[EventRounds "9"]
[EventCountry "CAN"]

1. e4 e5 2. Nf3 Nc6 3. d4 exd4 4. Bc4 Nf6 5. O-O Nxe4 6. Re1 d5 7. Bxd5 Qxd5 8.
Nc3 Qh5 9. Nxe4 Be6 10. Bg5 Bd6 11. Bf6 O-O 12. Nxd6 cxd6 13. Bxd4 Bg4 14. Bc3
d5 15. Re3 Rad8 16. Bd4 Rfe8 17. c3 Rxe3 18. fxe3 Re8 19. h3 Bxf3 20. Qxf3 Qxf3
21. gxf3 Nxd4 22. cxd4 Rc8 23. Rf1 f5 24. Kg2 g6 25. Rf2 Kg7 26. h4 Rc1 27. Kg3
h6 28. Kf4 Kf6 29. Rg2 a5 30. Re2 Rg1 31. e4 dxe4 32. fxe4 Rg4+ 33. Kf3 Rxe4
34. Rxe4 fxe4+ 35. Kxe4 Ke6 36. b3 b6 37. a3 b5 38. a4 b4 0-1

[Event "CAN op"]
[Site "Hamilton CAN"]
[Date "2022.07.16"]
[Round "8.37"]
[White "Ruelland, Geoffrey"]
[Black "Locham, Divjot"]
[Result "1/2-1/2"]
[WhiteElo "2086"]
[BlackElo "1751"]
[PlyCount "38"]
[EventDate "2022.07.12"]
[EventType "swiss"]
[EventRounds "9"]
[EventCountry "CAN"]

1. d4 Nf6 2. c4 g6 3. Nc3 d5 4. cxd5 Nxd5 5. e4 Nxc3 6. bxc3 Bg7 7. Be3 O-O 8.
Qd2 c5 9. Nf3 Qa5 10. Rc1 Rd8 11. d5 Nd7 12. c4 Qxd2+ 13. Nxd2 b6 14. Be2 Nf6
15. h3 e6 16. O-O exd5 17. cxd5 Ne8 18. Rfd1 f5 19. exf5 gxf5 1/2-1/2

[Event "CAN op"]
[Site "Hamilton CAN"]
[Date "2022.07.16"]
[Round "8.38"]
[White "Qian, Eric"]
[Black "England, Max"]
[Result "0-1"]
[WhiteElo "1753"]
[BlackElo "2084"]
[PlyCount "64"]
[EventDate "2022.07.12"]
[EventType "swiss"]
[EventRounds "9"]
[EventCountry "CAN"]

1. e4 e5 2. Nf3 Nc6 3. Bb5 a6 4. Ba4 Nf6 5. O-O Be7 6. Re1 b5 7. Bb3 d6 8. c3
O-O 9. h3 Na5 10. Bc2 c5 11. d4 Qc7 12. d5 Bd7 13. b3 c4 14. b4 Nb7 15. a4 a5
16. axb5 axb4 17. Rxa8 Rxa8 18. cxb4 Bxb5 19. Nc3 Bd7 20. Be3 Ra3 21. Qd2 Qc8
22. Kh2 Ne8 23. Bg5 Bxg5 24. Nxg5 h6 25. Nf3 Nc7 26. Bd1 Nb5 27. Nxb5 Bxb5 28.
Qb2 Qa8 29. Bc2 Qa7 30. Nh4 Ra2 31. Qb1 Qa3 32. Nf5 Bd7 0-1

[Event "CAN op"]
[Site "Hamilton CAN"]
[Date "2022.07.16"]
[Round "8.39"]
[White "Fradkin, Benjamin"]
[Black "Mok, Gillian"]
[Result "1-0"]
[WhiteElo "2076"]
[BlackElo "1735"]
[PlyCount "133"]
[EventDate "2022.07.12"]
[EventType "swiss"]
[EventRounds "9"]
[EventCountry "CAN"]

1. d4 Nf6 2. c4 g6 3. Nf3 Bg7 4. Nc3 d6 5. e4 O-O 6. Be2 e5 7. dxe5 dxe5 8.
Qxd8 Rxd8 9. Bg5 Nc6 10. Nd5 Rd6 11. c5 Rxd5 12. exd5 Nxd5 13. O-O Nd4 14. Nxd4
exd4 15. Bc4 Be6 16. Rfe1 h6 17. Bxd5 Bxd5 18. Bf4 d3 19. Rad1 Bc4 20. b3 Ba6
21. Be5 c6 22. Bxg7 Kxg7 23. a4 Rd8 24. Re4 Rd5 25. b4 f5 26. Re3 f4 27. Re4 d2
28. b5 Rxc5 29. Rd4 cxb5 30. axb5 Bxb5 31. f3 a5 32. R4xd2 a4 33. Rd4 g5 34.
Re1 Rc7 35. Rb1 Bc6 36. h4 Be8 37. Re1 Kf8 38. hxg5 hxg5 39. Re5 a3 40. Rd8 Re7
41. Rxe7 Kxe7 42. Ra8 b5 43. Rxa3 Kd6 44. Kf2 Kc5 45. Rc3+ Kd4 46. Rc8 Bf7 47.
Rc7 Bd5 48. Ke2 b4 49. Kd2 g4 50. fxg4 Bxg2 51. Rf7 Ke4 52. Rb7 Kf3 53. g5 Kg4
54. Rb5 f3 55. g6 f2 56. g7 f1=Q 57. g8=Q+ Kh4 58. Qg5+ Kh3 59. Qh5+ Kg3 60.
Rg5+ Kf2 61. Rf5+ Kg3 62. Rxf1 Bxf1 63. Qe5+ Kh3 64. Qf4 Bg2 65. Ke3 Bf3 66.
Kf2 b3 67. Qg3# 1-0

[Event "CAN op"]
[Site "Hamilton CAN"]
[Date "2022.07.16"]
[Round "8.40"]
[White "Berengolts, Isaac"]
[Black "Schneider, Mitchell"]
[Result "1-0"]
[WhiteElo "2042"]
[BlackElo "1684"]
[PlyCount "109"]
[EventDate "2022.07.12"]
[EventType "swiss"]
[EventRounds "9"]
[EventCountry "CAN"]

1. e4 c5 2. Nc3 d6 3. f4 Nc6 4. Nf3 g6 5. Bb5 Bg7 6. O-O Bd7 7. d3 a6 8. Bc4 b5
9. Bb3 e6 10. Qe1 Nge7 11. Qh4 f5 12. a4 b4 13. Ne2 Na5 14. Nd2 O-O 15. Ba2
Nec6 16. Qxd8 Nxd8 17. Nc4 Nxc4 18. Bxc4 a5 19. c3 Kh8 20. Bd2 Bc6 21. Bb5 fxe4
22. Bxc6 Nxc6 23. dxe4 Rad8 24. Rac1 bxc3 25. bxc3 Rb8 26. Rb1 Rxb1 27. Rxb1
Rb8 28. Rxb8+ Nxb8 29. c4 Nc6 30. Nc1 Bf6 31. Nb3 Bd8 32. e5 dxe5 33. fxe5 Bb6
34. Kf1 Kg8 35. Bf4 Kf7 36. Ke2 g5 37. Bg3 Kg6 38. Be1 Kf5 39. Bc3 Nd4+ 40.
Bxd4 cxd4 41. c5 Bc7 42. Nxd4+ Kxe5 43. Nb5 Bb8 44. c6 Kd5 45. c7 Bxc7 46.
Nxc7+ Kc4 47. Nxe6 Kb4 48. Kd3 Kxa4 49. Nxg5 Kb3 50. Ne4 a4 51. g4 a3 52. Nc3
a2 53. Nxa2 Kxa2 54. g5 Kb3 55. h4 1-0

[Event "CAN op"]
[Site "Hamilton CAN"]
[Date "2022.07.16"]
[Round "8.41"]
[White "Zhao, Jeffrey Renfei"]
[Black "Zhu, Charis"]
[Result "1-0"]
[WhiteElo "2020"]
[BlackElo "1640"]
[PlyCount "41"]
[EventDate "2022.07.12"]
[EventType "swiss"]
[EventRounds "9"]
[EventCountry "CAN"]

1. e4 e5 2. Nf3 Nc6 3. Bc4 Bc5 4. O-O Nf6 5. d4 Bxd4 6. Nxd4 Nxd4 7. Bg5 h6 8.
Bh4 Qe7 9. Nc3 c6 10. Kh1 g5 11. Bg3 d6 12. f4 Bg4 13. Qd2 Rg8 14. fxe5 dxe5
15. Rxf6 Qxf6 16. Rf1 Qh8 17. Bxf7+ Ke7 18. Nd5+ cxd5 19. Qb4+ Kd8 20. Qd6+ Bd7
21. Bxe5 1-0

[Event "CAN op"]
[Site "Hamilton CAN"]
[Date "2022.07.16"]
[Round "8.43"]
[White "Wu, Lucian"]
[Black "Guo, Veronica (Yu Han)"]
[Result "0-1"]
[WhiteElo "1726"]
[BlackElo "1984"]
[PlyCount "60"]
[EventDate "2022.07.12"]
[EventType "swiss"]
[EventRounds "9"]
[EventCountry "CAN"]

1. d4 d5 2. c4 e6 3. Nc3 Be7 4. Bf4 Nf6 5. e3 O-O 6. Nf3 b6 7. cxd5 exd5 8. Bd3
Ba6 9. O-O Bxd3 10. Qxd3 Nh5 11. Be5 c6 12. h3 Nd7 13. Bh2 Rc8 14. Rac1 Nhf6
15. Rfd1 Re8 16. a3 b5 17. Rc2 Nb6 18. Ne5 Nc4 19. Nxc4 bxc4 20. Qe2 Bd6 21.
Bxd6 Qxd6 22. Na4 Ne4 23. Nc3 Ng5 24. Qg4 Qg6 25. Re2 h5 26. Qd7 Rcd8 27. Qxa7
Nxh3+ 28. Kh2 Ng5 29. Rh1 h4 30. f4 Nf3+ 0-1

[Event "CAN op"]
[Site "Hamilton CAN"]
[Date "2022.07.16"]
[Round "8.44"]
[White "Trofimov-Malyshkin, Valentyn"]
[Black "He, Matthew"]
[Result "0-1"]
[WhiteElo "1717"]
[BlackElo "1945"]
[PlyCount "208"]
[EventDate "2022.07.12"]
[EventType "swiss"]
[EventRounds "9"]
[EventCountry "CAN"]

1. f4 d5 2. Nf3 g6 3. g3 Bg7 4. Bg2 c5 5. d3 Nc6 6. c3 Nf6 7. O-O O-O 8. Qe1
Re8 9. Ne5 Qd6 10. e4 dxe4 11. Nxc6 Qxc6 12. dxe4 e5 13. fxe5 Ng4 14. Bf4 Nxe5
15. Bxe5 Bxe5 16. Nd2 b6 17. Nc4 Ba6 18. Nxe5 Rxe5 19. Rf4 Qe6 20. Qf2 Re8 21.
Rf6 Qe7 22. Bf1 Bxf1 23. Rxf1 Rf8 24. Qf4 Rxe4 25. Qd6 Rd8 26. Qxe7 Rxe7 27.
R1f2 Rd1+ 28. Kg2 Rde1 29. b3 Kg7 30. c4 h5 31. h3 R1e6 32. R6f4 a6 33. Kh2 f5
34. g4 Re4 35. gxh5 Rxf4 36. Rxf4 Re2+ 37. Kg3 Rxa2 38. hxg6 Kxg6 39. h4 Re2
40. h5+ Kg5 41. Rf3 Rb2 42. Rd3 Rb1 43. h6 Rh1 44. h7 Rxh7 45. Rd6 f4+ 46. Kg2
Rh6 47. Rd8 Kf5 48. Re8 Re6 49. Rf8+ Ke4 50. Rd8 Ke3 51. Kf1 Ke4 52. Kf2 b5 53.
cxb5 axb5 54. Rb8 b4 55. Rd8 Re5 56. Rd1 Rd5 57. Re1+ Kf5 58. Re8 Rd3 59. Rf8+
Kg5 60. Rg8+ Kh6 61. Rh8+ Kg7 62. Rh5 Rxb3 63. Rxc5 Kf6 64. Rc8 Rc3 65. Rb8 b3
66. Rb5 Ke6 67. Ke2 f3+ 68. Kd2 f2 69. Kxc3 f1=Q 70. Rxb3 Kd5 71. Rb4 Qe1+ 72.
Kb3 Qc1 73. Rb5+ Kc6 74. Rb4 Kc5 75. Ra4 Qd1+ 76. Ka3 Kb5 77. Rb4+ Ka5 78. Rb1
Qd3+ 79. Kb2 Kb4 80. Kc1+ Kc4 81. Rb2 Qf1+ 82. Kd2 Qf2+ 83. Kc1 Qe1+ 84. Kc2
Qc3+ 85. Kb1 Kd3 86. Ka2 Qe1 87. Rb3+ Kc4 88. Rb2 Qc1 89. Rb4+ Kc5 90. Rb2 Kc6
91. Kb3 Qa1 92. Rc2+ Kb5 93. Rb2 Kc5 94. Rd2 Qb1+ 95. Rb2 Qd3+ 96. Ka2 Kc4 97.
Rb1 Qc2+ 98. Rb2 Qa4+ 99. Kb1 Kc3 100. Rb6 Qe4+ 101. Ka2 Qg2+ 102. Kb1 Qg1+
103. Ka2 Qxb6 104. Ka3 Qa6# 0-1

[Event "CAN op"]
[Site "Hamilton CAN"]
[Date "2022.07.16"]
[Round "8.45"]
[White "Lin, Yu-Liang"]
[Black "Wang, Derek"]
[Result "0-1"]
[WhiteElo "1425"]
[BlackElo "1934"]
[PlyCount "70"]
[EventDate "2022.07.12"]
[EventType "swiss"]
[EventRounds "9"]
[EventCountry "CAN"]

1. c4 e6 2. d4 d5 3. Nf3 Nf6 4. Nc3 c6 5. e3 Nbd7 6. Be2 dxc4 7. Bxc4 b5 8. Bb3
a6 9. O-O c5 10. d5 e5 11. d6 c4 12. Bc2 Bb7 13. e4 Qb6 14. Nh4 Qxd6 15. Qf3
Qc7 16. Bg5 h6 17. Be3 Bc5 18. Rad1 O-O-O 19. Nf5 Bf8 20. a4 b4 21. Nd5 Nxd5
22. exd5 Nb6 23. d6 Bxf3 24. dxc7 Rxd1 25. Bxd1 Bxd1 26. Rxd1 Nxa4 27. Ra1 Nxb2
28. Rxa6 Kxc7 29. Ra7+ Kc6 30. Ra8 b3 31. Ne7+ Bxe7 32. Rxh8 Nd3 33. Rb8 Bb4
34. Rc8+ Kd7 35. Rxc4 b2 0-1

[Event "CAN op"]
[Site "Hamilton CAN"]
[Date "2022.07.16"]
[Round "8.46"]
[White "Liu, Zachary"]
[Black "Chychkevych, Bohdan"]
[Result "1/2-1/2"]
[WhiteElo "1891"]
[BlackElo "1580"]
[PlyCount "120"]
[EventDate "2022.07.12"]
[EventType "swiss"]
[EventRounds "9"]
[EventCountry "CAN"]

1. e4 c5 2. Nf3 Nc6 3. d4 cxd4 4. Nxd4 Nf6 5. Nc3 e5 6. Ndb5 d6 7. Nd5 Nxd5 8.
exd5 Nb8 9. Qf3 Be7 10. Qc3 Na6 11. Be3 O-O 12. Nxa7 Bd7 13. Bxa6 bxa6 14. Nc6
Bxc6 15. dxc6 Qc7 16. O-O-O Rac8 17. Rd5 Qxc6 18. Qxc6 Rxc6 19. b3 f5 20. f3
Kf7 21. c4 Ke6 22. Kd1 Ra8 23. Ke2 a5 24. a4 Rb8 25. Rb5 Rxb5 26. axb5 Rc8 27.
Ra1 Bd8 28. Kd3 d5 29. Ra4 e4+ 30. Ke2 exf3+ 31. Kxf3 Be7 32. cxd5+ Kxd5 33.
Rxa5 Rc3 34. b6+ Kc6 35. Rxf5 Rxb3 36. Re5 Bd6 37. Rg5 g6 38. g3 Be7 39. Re5
Bd6 40. Re8 Kd7 41. Re4 Bc5 42. Kf2 Bxe3+ 43. Rxe3 Rxb6 44. Kf3 Re6 45. Ra3 Ke8
46. Kf4 Rf6+ 47. Kg4 Kf8 48. Ra7 Rf7 49. Rxf7+ Kxf7 50. h3 Kf6 51. h4 h5+ 52.
Kf4 Kf7 53. Kg5 Kg7 54. Kf4 Kf6 55. Ke4 g5 56. hxg5+ Kxg5 57. Kf3 Kf5 58. Kg2
Kg4 59. Kh2 h4 60. gxh4 Kxh4 1/2-1/2

[Event "CAN op"]
[Site "Hamilton CAN"]
[Date "2022.07.16"]
[Round "8.48"]
[White "Zhong, Kevin"]
[Black "Wang, Andy"]
[Result "1-0"]
[WhiteElo "2276"]
[BlackElo "1806"]
[PlyCount "115"]
[EventDate "2022.07.12"]
[EventType "swiss"]
[EventRounds "9"]
[EventCountry "CAN"]

1. e4 e5 2. Nf3 Nc6 3. Bc4 Bc5 4. c3 Nf6 5. d3 d6 6. Bb3 O-O 7. Bg5 h6 8. Bh4
Be6 9. Nbd2 b5 10. Bd5 Bxd5 11. exd5 Nb8 12. Ne4 Nbd7 13. Qd2 Nxe4 14. dxe4 g5
15. Bg3 a5 16. h4 f6 17. Qe2 b4 18. hxg5 hxg5 19. Nxg5 fxg5 20. Qh5 Qe7 21.
Qh8+ Kf7 22. Rh7+ Kg6 23. Rh6+ Kf7 24. Qh7+ Ke8 25. Re6 Qxe6 26. dxe6 Nf6 27.
Qg7 c6 28. e7 Rg8 29. Qxf6 Ra7 30. Bxe5 Rxe7 31. Bxd6 Bxd6 32. Qxd6 Rxe4+ 33.
Kf1 Kf7 34. Qd7+ Re7 35. Qf5+ Ke8 36. Rd1 Rf8 37. Qg6+ Rff7 38. Qxc6+ Kf8 39.
Qh6+ Ke8 40. Qh8+ Rf8 41. Rd8+ Kxd8 42. Qxf8+ Kd7 43. Qf5+ Ke8 44. Qxa5 bxc3
45. Qxc3 g4 46. a4 g3 47. Qxg3 Kd8 48. Qb8+ Kd7 49. a5 Kc6 50. a6 Rh7 51. a7
Rh1+ 52. Ke2 Kd7 53. a8=Q Ke6 54. Qb5 Rc1 55. Qaa6+ Ke7 56. Qbb7+ Kd8 57. Qaa8+
Rc8 58. Qaxc8# 1-0

[Event "CAN op"]
[Site "Hamilton CAN"]
[Date "2022.07.16"]
[Round "8.49"]
[White "Richard, Leo"]
[Black "Jiang, Barron Jiyu"]
[Result "0-1"]
[WhiteElo "2014"]
[BlackElo "1791"]
[PlyCount "48"]
[EventDate "2022.07.12"]
[EventType "swiss"]
[EventRounds "9"]
[EventCountry "CAN"]

1. d4 Nf6 2. c4 e5 3. dxe5 Ng4 4. Bf4 Nc6 5. Nf3 Bb4+ 6. Nbd2 Qe7 7. a3 Bxd2+
8. Qxd2 Ngxe5 9. Nxe5 Nxe5 10. Qd4 f6 11. e3 d6 12. Be2 O-O 13. O-O Bd7 14.
Rad1 a5 15. Qc3 a4 16. c5 dxc5 17. Bxe5 fxe5 18. Rd5 b6 19. Rxe5 Qf6 20. Bf3
Bb5 21. Bxa8 Bxf1 22. Bd5+ Kh8 23. f4 Bb5 24. Qc2 Qxe5 0-1

[Event "CAN op"]
[Site "Hamilton CAN"]
[Date "2022.07.16"]
[Round "8.51"]
[White "Zhang, Michelle"]
[Black "Egorov, Mikhail"]
[Result "0-1"]
[WhiteElo "1756"]
[BlackElo "2055"]
[PlyCount "98"]
[EventDate "2022.07.12"]
[EventType "swiss"]
[EventRounds "9"]
[EventCountry "CAN"]

1. e4 c5 2. Nf3 Nc6 3. d4 cxd4 4. Nxd4 Nf6 5. Nc3 e5 6. Nxc6 bxc6 7. Bc4 Bb4 8.
O-O O-O 9. Bg5 h6 10. Bxf6 Qxf6 11. Qd2 Qg6 12. f4 exf4 13. Qxf4 d6 14. Rf3 Be6
15. Rg3 Qh5 16. Bb3 Rad8 17. Qf6 Bc5+ 18. Kh1 g5 19. Bxe6 fxe6 20. Qxe6+ Qf7
21. Qxf7+ Rxf7 22. Rf3 Rxf3 23. gxf3 Rb8 24. Nd1 Bd4 25. c3 Be5 26. Rc1 a5 27.
Rc2 Bf4 28. c4 a4 29. Nf2 Be3 30. Ng4 Bd4 31. Nxh6+ Kf8 32. Nf5 Bxb2 33. Nxd6
Be5 34. Nf5 a3 35. h4 gxh4 36. Nxh4 Rb1+ 37. Kg2 Rb2 38. Rf2 Bd4 39. Rxb2 axb2
40. a4 b1=Q 41. a5 Qa2+ 42. Kh3 Qxa5 43. f4 Qh5 44. e5 Bf2 45. Kg2 Bxh4 46. Kf1
Qf3+ 47. Kg1 Bf2+ 48. Kh2 Qg3+ 49. Kh1 Qg1# 0-1

[Event "CAN op"]
[Site "Hamilton CAN"]
[Date "2022.07.16"]
[Round "8.52"]
[White "Lu, Eddie"]
[Black "Drkulec, Vladimir"]
[Result "1/2-1/2"]
[WhiteElo "1739"]
[BlackElo "2020"]
[PlyCount "150"]
[EventDate "2022.07.12"]
[EventType "swiss"]
[EventRounds "9"]
[EventCountry "CAN"]

1. d4 d5 2. Nf3 e6 3. g3 c5 4. Bg2 Nf6 5. O-O Nc6 6. b3 b6 7. c4 Bb7 8. Bb2
dxc4 9. bxc4 Nxd4 10. Bxd4 cxd4 11. Qa4+ Qd7 12. Qxd7+ Nxd7 13. Nxd4 Bxg2 14.
Kxg2 Rc8 15. Rc1 Ne5 16. Nd2 Bb4 17. N4f3 Nxf3 18. Nxf3 Ke7 19. Rab1 Bc5 20.
Rd1 Rhd8 21. Rd3 f6 22. Rbd1 Rd6 23. Nd2 f5 24. f4 Bb4 25. Kf3 Rc7 26. Rxd6
Bxd6 27. Ke3 Bb4 28. Kd3 Rd7+ 29. Kc2 Rd4 30. e3 Rd6 31. Nf3 Rxd1 32. Kxd1 Bc3
33. Kc2 Bf6 34. Nd4 a6 35. a4 Kd6 36. Nb3 g6 37. Kd3 e5 38. h3 Kc6 39. e4 exf4
40. gxf4 fxe4+ 41. Kxe4 Bc3 42. Kd3 Bb2 43. Kc2 Bg7 44. Kd3 Kd6 45. Ke4 Bc3 46.
Kd3 Be1 47. Ke4 Bf2 48. Kf3 Bg1 49. Kg2 Bc5 50. Kf3 Bb4 51. Ke4 Ke6 52. Nd4+
Kf6 53. Nf3 a5 54. Ne5 Ke6 55. Nd3 Bd6 56. Nc1 Be7 57. Nd3 Ba3 58. Ne5 Bb2 59.
Nd3 Bc3 60. Nc1 Kd6 61. Kd3 Bb2 62. Nb3 Bg7 63. Ke4 Bb2 64. Kd3 Ke6 65. Ke4 Ba3
66. Nd4+ Kf6 67. Nf3 Bb2 68. Nd2 Ba3 69. Nf3 Bb2 70. Nd2 h6 71. Nb3 Ba3 72. Nd4
Bc5 73. Nf3 Bf2 74. Ne5 h5 75. Nd7+ Ke7 1/2-1/2

[Event "CAN op"]
[Site "Hamilton CAN"]
[Date "2022.07.16"]
[Round "8.53"]
[White "Jiang, Kate"]
[Black "Young, Alex"]
[Result "1/2-1/2"]
[WhiteElo "1982"]
[BlackElo "1713"]
[PlyCount "54"]
[EventDate "2022.07.12"]
[EventType "swiss"]
[EventRounds "9"]
[EventCountry "CAN"]

1. e4 c6 2. d4 d5 3. Nc3 dxe4 4. Nxe4 Nf6 5. Nxf6+ exf6 6. Nf3 Bd6 7. Bd3 Bg4
8. Be3 O-O 9. h3 Bh5 10. g4 Bg6 11. h4 Re8 12. Bxg6 hxg6 13. Qd3 Bf4 14. O-O-O
Bxe3+ 15. fxe3 Qd5 16. Nd2 Qxa2 17. Nb3 Qa6 18. Qd2 Nd7 19. g5 c5 20. Kb1 c4
21. Nc1 Qe6 22. Rde1 Qe4 23. Qh2 Qf3 24. Qc7 Qc6 25. Qh2 Qf3 26. Qc7 Qc6 27.
Qh2 Qf3 1/2-1/2

[Event "CAN op"]
[Site "Hamilton CAN"]
[Date "2022.07.16"]
[Round "8.54"]
[White "Yuen, Noah Nathaniel"]
[Black "Parchizadeh, Ashkan"]
[Result "1-0"]
[WhiteElo "1954"]
[BlackElo "1608"]
[PlyCount "49"]
[EventDate "2022.07.12"]
[EventType "swiss"]
[EventRounds "9"]
[EventCountry "CAN"]

1. d4 d5 2. c4 c6 3. Nf3 Nf6 4. e3 Bg4 5. Nc3 e6 6. h3 Bh5 7. Qb3 Qc7 8. Ne5
Bd6 9. g4 Bg6 10. Nxg6 hxg6 11. Bg2 Nbd7 12. Bd2 dxc4 13. Qxc4 Nd5 14. Rc1 N7b6
15. Qb3 Qe7 16. Ne4 f5 17. Nxd6+ Qxd6 18. a4 a5 19. Rc5 Nb4 20. Rxa5 N4d5 21.
Rxa8+ Nxa8 22. Qxb7 O-O 23. O-O Rb8 24. Qa7 Nab6 25. Rc1 1-0

[Event "CAN op"]
[Site "Hamilton CAN"]
[Date "2022.07.16"]
[Round "8.55"]
[White "Li, Adam"]
[Black "Frangakis, Evan"]
[Result "1-0"]
[WhiteElo "1942"]
[BlackElo "1589"]
[PlyCount "53"]
[EventDate "2022.07.12"]
[EventType "swiss"]
[EventRounds "9"]
[EventCountry "CAN"]

1. e4 d5 2. exd5 Qxd5 3. Nc3 Qd8 4. d4 Nf6 5. Bc4 a6 6. Nf3 e6 7. O-O b5 8. Bb3
Bb7 9. Ne5 c5 10. dxc5 Qxd1 11. Rxd1 Bxc5 12. Nd3 Bb6 13. a4 bxa4 14. Nxa4 Nbd7
15. Nxb6 Nxb6 16. Nc5 Bc8 17. Bg5 Nfd7 18. Nxd7 Bxd7 19. Rd6 Nd5 20. c4 Nf6 21.
Bxf6 gxf6 22. Rad1 Ra7 23. Rxd7 Rxd7 24. Ba4 Kd8 25. Rxd7+ Kc8 26. Re7 Kd8 27.
Ra7 1-0

[Event "CAN op"]
[Site "Hamilton CAN"]
[Date "2022.07.16"]
[Round "8.56"]
[White "Colvin, Andrew"]
[Black "Moses, Neil"]
[Result "1/2-1/2"]
[WhiteElo "1937"]
[BlackElo "1578"]
[PlyCount "54"]
[EventDate "2022.07.12"]
[EventType "swiss"]
[EventRounds "9"]
[EventCountry "CAN"]

1. d4 d5 2. c4 c6 3. Nf3 Nf6 4. e3 Bg4 5. h3 Bh5 6. Nc3 e6 7. g4 Bg6 8. Ne5
Nfd7 9. Nxd7 Nxd7 10. h4 h5 11. g5 Bd6 12. Bd3 Bxd3 13. Qxd3 dxc4 14. Qxc4 Nb6
15. Qd3 Qe7 16. Bd2 O-O-O 17. O-O-O Kb8 18. f4 e5 19. dxe5 Bxe5 20. Qe2 Bc7 21.
e4 Qb4 22. Nd5 Qc5+ 23. Nc3 Nc4 24. e5 Qb4 25. Be3 Ba5 26. Rxd8+ Rxd8 27. Rd1
Rxd1+ 1/2-1/2

[Event "CAN op"]
[Site "Hamilton CAN"]
[Date "2022.07.16"]
[Round "8.57"]
[White "Chen, Ricky"]
[Black "Hua, Michelle"]
[Result "1/2-1/2"]
[WhiteElo "1709"]
[BlackElo "1930"]
[PlyCount "51"]
[EventDate "2022.07.12"]
[EventType "swiss"]
[EventRounds "9"]
[EventCountry "CAN"]

1. e4 c5 2. Nf3 d6 3. c3 Nf6 4. Be2 Nbd7 5. Qc2 b6 6. d4 cxd4 7. cxd4 Bb7 8.
Nc3 e5 9. d5 Be7 10. O-O O-O 11. Ne1 a5 12. a4 Nc5 13. f3 Nfd7 14. Be3 g6 15.
Nd3 f5 16. Nxc5 Nxc5 17. Ra3 fxe4 18. fxe4 Rxf1+ 19. Bxf1 Bg5 20. Qd2 Bxe3+ 21.
Qxe3 Qf6 22. Be2 Rf8 23. Ra1 Qf4 24. Qxf4 Rxf4 25. Rf1 Rxf1+ 26. Kxf1 1/2-1/2

[Event "CAN op"]
[Site "Hamilton CAN"]
[Date "2022.07.16"]
[Round "8.58"]
[White "Klein, Gernot"]
[Black "Gaisinsky, Jacob"]
[Result "1/2-1/2"]
[WhiteElo "1925"]
[BlackElo "1568"]
[PlyCount "132"]
[EventDate "2022.07.12"]
[EventType "swiss"]
[EventRounds "9"]
[EventCountry "CAN"]

1. e4 e5 2. Nf3 Nc6 3. Bb5 a6 4. Ba4 Nf6 5. d3 b5 6. Bb3 Bc5 7. c3 d6 8. O-O
Bb6 9. Nbd2 O-O 10. Re1 h6 11. Nf1 Ne7 12. Ng3 c6 13. d4 Qc7 14. Nh4 c5 15. d5
c4 16. Bc2 Ng4 17. Re2 Qa7 18. Nh1 Ng6 19. Nf5 Bxf5 20. exf5 Nf4 21. Bxf4 exf4
22. h3 Ne5 23. Be4 Rae8 24. Qd2 f3 25. gxf3 Qe7 26. Kh2 Qh4 27. Rg1 Qxe4 28.
fxe4 Nf3+ 29. Kg2 Nxd2 30. Rxd2 Rxe4 31. Ng3 Re5 32. Kh2 g6 33. Rg2 Kh7 34. f4
Re1 35. Rde2 Re8 36. Rxe8 Rxe8 37. fxg6+ fxg6 38. f5 gxf5 39. Nxf5 Re5 40. Rg7+
Kh8 41. Rb7 Bg1+ 42. Kxg1 Rxf5 43. Rb6 Rxd5 44. Kf1 Kg7 45. Rxa6 Kf6 46. a4
bxa4 47. Rxa4 Rc5 48. Ke2 Kg5 49. Kf3 Kh4 50. Ra6 Rd5 51. Rc6 Kxh3 52. Rxc4 h5
53. Rc8 h4 54. b4 Kh2 55. c4 Rd3+ 56. Ke4 Rg3 57. b5 h3 58. Kd5 Kg2 59. Rh8
Rd3+ 60. Ke4 Rc3 61. Kd4 Rb3 62. Kd5 Rd3+ 63. Kc6 Rc3 64. Rg8+ Kf2 65. Rh8 Kg2
66. Kd5 Rd3+ 1/2-1/2